<?xml version="1.0" encoding="UTF-8"?>
<marc:record xmlns:marc="http://www.loc.gov/MARC21/slim">
   <marc:leader>00000nam a2200000 a 4500</marc:leader>
   <marc:datafield ind1="1" ind2=" " tag="100">
      <marc:subfield code="a">Howzell Hall, Rachel</marc:subfield>
      <marc:subfield code="4">aut</marc:subfield>
      <marc:subfield code="e">Verfasser/-in</marc:subfield>
   </marc:datafield>
   <marc:datafield ind1=" " ind2=" " tag="653">
      <marc:subfield code="a">Amulett</marc:subfield>
   </marc:datafield>
   <marc:datafield ind1=" " ind2=" " tag="653">
      <marc:subfield code="a">Geheimnisse</marc:subfield>
   </marc:datafield>
   <marc:datafield ind1=" " ind2=" " tag="653">
      <marc:subfield code="a">ohne Erinnerung</marc:subfield>
   </marc:datafield>
   <marc:datafield ind1=" " ind2=" " tag="653">
      <marc:subfield code="a">Gefahren</marc:subfield>
   </marc:datafield>
   <marc:datafield ind1=" " ind2=" " tag="653">
      <marc:subfield code="a">Kaiser</marc:subfield>
   </marc:datafield>
   <marc:datafield ind1="0" ind2="0" tag="245">
      <marc:subfield code="a">The Last One</marc:subfield>
   </marc:datafield>
   <marc:datafield ind1="0" ind2="0" tag="245">
      <marc:subfield code="b">schicksalsberührt</marc:subfield>
   </marc:datafield>
   <marc:datafield ind1="0" ind2="0" tag="245">
      <marc:subfield code="c">Rachel Howzell Hall ; aus dem Amerikanischen von Melanie Fricke und Marion Herbert</marc:subfield>
   </marc:datafield>
   <marc:datafield ind1=" " ind2="1" tag="264">
      <marc:subfield code="a">Bindlach</marc:subfield>
      <marc:subfield code="b">Loewe</marc:subfield>
      <marc:subfield code="c">2025</marc:subfield>
   </marc:datafield>
   <marc:datafield ind1="1" ind2=" " tag="490">
      <marc:subfield code="a">¬The¬ Last One</marc:subfield>
      <marc:subfield code="v">1</marc:subfield>
   </marc:datafield>
   <marc:datafield ind1="1" ind2=" " tag="520">
      <marc:subfield code="a">Quelle: bn.bibliotheksnachrichten (http://www.biblio.at/literatur/bn/index.html); #Autor: Julia Lorenzoni / Ortweinschule; #Ein gestohlenes Amulett und eine brisante Verfolgungsjagd. (ab 16) (DR)#Kai erwacht allein in einem Wald, ohne Erinnerungen daran, wer sie ist oder woher sie kommt. Nicht einmal ihren eigenen Namen kennt sie. Als sie schließlich in das Dorf Maford gelangt, in dem es nur so nach Tod riecht, begegnet sie dem attraktiven Schmied Jason. Dieser ist entschlossen, ihr nicht nur dabei zu helfen, ihre Erinnerungen zurückzuerlangen, sondern auch das Amulett zu finden, das für Kai von großer Bedeutung zu sein scheint. Gemeinsam mit Jason und seiner Schwester erlebt sie Abenteuer, die sie zusammenwachsen lassen, aber auch äußerst gefährlich sind. Mit der Zeit kehren immer mehr Erinnerungen zurück und die Wahrheit kommt ans Licht.#»The Last One« von Rachel Howzell Hall wirft einen unmittelbar ins Geschehen. Da man gemeinsam mit der Protagonistin herausfindet, wer sie wirklich ist, taucht man in eine fesselnde Fantasywelt voller außergewöhnlicher Kreaturen ein. Und das ist nur der Auftakt einer Dilogie. Der Schreibstil ist leicht verständlich und ideal für alle, die neu in das Genre einsteigen möchten. Und für alle, die glauben, Figuren leicht durchschauen zu können, nur um immer wieder überrascht zu werden.</marc:subfield>
   </marc:datafield>
   <marc:datafield ind1=" " ind2=" " tag="020">
      <marc:subfield code="a">9783743221161</marc:subfield>
      <marc:subfield code="9">9783743221161</marc:subfield>
   </marc:datafield>
   <marc:datafield ind1=" " ind2=" " tag="041">
      <marc:subfield code="a">ger</marc:subfield>
   </marc:datafield>
   <marc:datafield ind1=" " ind2=" " tag="300">
      <marc:subfield code="a">652 Seiten</marc:subfield>
   </marc:datafield>
</marc:record>
